000
00228nam a22000977a 4500
999
_c
521369
_d
521369
082
_a
TNC
100
_a
Pakrasi, B Kanti
_9
35116
245
_a
Female Infanticide in india
260
_a
Editions indian
_b
S. Ghatack
300
_a
304p.